| 000 | 00808nas a2200277 4500 | ||
|---|---|---|---|
| 001 | BR9208596 | ||
| 003 | BR-BrBNA | ||
| 005 | 20231205093128.0 | ||
| 007 | ta | ||
| 008 | 230509b bl.|||p| |||| 00| 00por d | ||
| 040 |
_aBR-BrBNA _bpor _cBiblioteca Nacional de Agricultura |
||
| 041 | _a(Pt) | ||
| 072 | _aF03; J10 | ||
| 100 | 1 | _aFonseca, J.R. | |
| 100 | 1 | _aFreire, A. de B. | |
| 100 | 1 | _aFreire, M.S. | |
| 100 | 1 | _aZimmermann, F.J.P. | |
| 245 | 1 | _aConservacao de sementes de feijao sob tres sistemas de armazenamento | |
| 650 | _aFEIJAO | ||
| 650 | _aSEMENTE | ||
| 650 | _aARMAZENAMENTO | ||
| 650 | _aLONGEVIDADE | ||
| 773 | 0 |
_tRevista Brasileira de Sementes (Brazil) _xISSN 0101-3122 _g(1980), v. 2(1) p. 20-27 _wBR9208596 |
|
| 909 |
_a202311 _bLúcia _c55 _dLúcia Elande |
||
| 942 |
_2AGRIS _n0 _cANA |
||
| 999 |
_c136390 _d136390 |
||